Derrotero de la costa de Chile
Uloženo v:
| Korporativní autor: | |
|---|---|
| Médium: | Kniha |
| Jazyk: | španělština |
| Vydáno: |
Valparaíso
Instituto Hidrográfico de la Armada
1989
|
| Vydání: | 2a. ed |
| Edice: | Publicación, 3006
|
| Témata: | |
| Tagy: |
Přidat tag
Žádné tagy, Buďte první, kdo vytvoří štítek k tomuto záznamu!
|
MARC
| LEADER | 00000nam a2200000 a 4500 | ||
|---|---|---|---|
| 001 | UCI1765 | ||
| 003 | CL-VaPUC | ||
| 008 | 070713e19890000CL |||||||||||||||||spa|d | ||
| 082 | 0 | 4 | |a 623.892 |b INS |2 21 |
| 110 | 2 | |a Instituto Hidrográfico de la Armada |e author |9 522416 | |
| 245 | 1 | 0 | |a Derrotero de la costa de Chile |
| 250 | |a 2a. ed | ||
| 300 | |a v | ||
| 942 | |c BK | ||
| 945 | |d 20070713 00:00:00 |a jtorresc | ||
| 260 | |a Valparaíso |b Instituto Hidrográfico de la Armada |c 1989 | ||
| 500 | |a v.6: Territorio Antártico | ||
| 650 | 7 | |a DERROTEROS |2 CL-VaPUC |9 266453 | |
| 651 | 7 | |a CHILE |2 CL-VaPUC |9 522417 | |
| 583 | |a last modification |c 20070713 00:00:00 |k Rodrigo Vera | ||
| 490 | 0 | |a Publicación, 3006 | |
| 999 | |c 326503 |d 326501 | ||
| 952 | |0 0 |1 0 |4 0 |6 623_892000000000000_INS_1989 |7 0 |8 CCM |9 408421 |a BIBCUR |b BIBCUR |d 2019-11-22 |h v.6 |i 4344685 |o 623.892 INS 1989 |p 4344685 |r 2025-04-22 |w 2019-11-22 |y BK_X |k CIM | ||